| 000 | 01026nam a22002537a 4500 | ||
|---|---|---|---|
| 003 | BD-DhSAU | ||
| 005 | 20211018114115.0 | ||
| 008 | 210929b |||||||| |||| 00| 0 eng d | ||
| 040 | _aBD-DhSAU | ||
| 082 |
_222 _a634.9 _bIs41 |
||
| 100 |
_a ISLAM, MD. SHAFIQUL _eRegistration No.:# 13-05428 |
||
| 245 |
_aAssessment of heavy metal contamination
of the soil in municipal open-air dumpsites
of dhaka city and its outskirts
/
_bMs Thesis |
||
| 260 |
_aSher-e-Bangla Agricultural University Dhaka 1207; _bDepartment of Agroforesty and Environmental Science; _c2020; |
||
| 300 |
_aix; _b62p.; _c30cm.; |
||
| 500 | _aIncluding Index.; | ||
| 590 | _anazmul | ||
| 600 | _qheavy metal contamination | ||
| 610 | _asoil in municipal open-air dumpsites | ||
| 650 | _adhaka city and its outskirts | ||
| 700 |
_aAst. Prof. ABDUL HALIM _eSupervisor |
||
| 710 |
_aProf. DR. FERZANA ISLAM _eCo-Supervisor |
||
| 856 |
_yOnline Access _uhttp://archive.saulibrary.edu.bd:8080/xmlui/handle/123456789/3443 |
||
| 942 |
_2ddc _cTHESIS |
||
| 999 |
_c15565 _d15564 |
||